=LDR 00000nam 2200000 4500 =001 NUTBA000000000001714 =005 20160613132218.0 =006 =007 =008 =020 ##$$a 978-979-769-305-3 =035 ##$$0010-051400000000179 =082 ##$$a347.05 =100 ##$$a Takdir Rahmadi =245 ##$$a Mediasi =260 ##$$a Jakarta $b Raja Grafindo Persada $c 2011 =440 ##$$a Mediasi =700 ##$$a Takdir Rahmadi =990 ##$$a 21196987/BPAP-NTB/2014 =990 ##$$a 0001/BPAP-NTB/2015 =990 ##$$a 21602027/BPAP-NTB/2017